000 00742nmm a2200253 a 4500
003 AR-BaBNM
005 20251128211459.0
008 274020s2001 ||||||||||||||000 | spa||
020 _a950-892-133-1
040 _cAR-BaBNM
100 1 _aShocron, Mónica
245 1 0 _aEducar nos
_bnuevas propuestas para la educación y la convivencia
260 _aBuenos Aires
_bLugar Editorial
_c2001
300 _a204 p.
504 _aContiene referencias bibliográficas p. 203-204
650 4 _aRELACIONES INTERPERSONALES
650 4 _aAMBIENTE EDUCACIONAL
653 _aEDUCACION EN VALORES
653 _aEDUCACION PARA LA CONVIVENCIA
653 _aESTRATEGIAS EDUCATIVAS
700 1 _aWaisman, Laura
942 _cBK
998 _craquel
999 _c19829
_d19829